000 00742nam a2200217 a 4500
999 _c5426
_d5426
001 5426
003 BD-JhCC
005 20191107134007.0
008 171214s2017 bg a|||| || | 000 0 ben d
035 _a(BD-JhCC)5426
040 _aBD-JhCC
_dBD-JhCC
041 _aben
082 _a540
_bRAS 2017
245 _aরসায়ন দ্বিতীয় পত্র একাদশ-দ্বাদশ শ্রেণি /
_cমোঃ মহসীন হোসেন ...[et. all].
260 _aঢাকা :
_bকাজল ব্রাদার্স লিমিটেড
_c2017.
300 _a720 p. :
_c24 cm.
650 _aChemistry
700 _aহোসেন, মোঃ মহসীন
942 _2ddc
_cBK
_04